Catálogo para bibliotecas 1997

Guardat en:
Dades bibliogràfiques
Format: Llibre
Idioma:espanyol
Publicat: Santiago MECE 1997
Col·lecció:Programa MECE Media. Bibliotecas
Matèries:
Etiquetes: Afegir etiqueta
Sense etiquetes, Sigues el primer a etiquetar aquest registre!

MARC

LEADER 00000nam a2200000 a 4500
001 UCR0358
003 CL-VaPUC
008 971205e19970000CL |||||||||||||||||spa|d
082 0 4 |a 370.016  |b MIN  |2 21 
245 1 0 |a Catálogo para bibliotecas 1997 
300 |a 571 p 
942 |c BK 
945 |d 19971205 00:00:00  |a jquezada 
260 |a Santiago  |b MECE  |c 1997 
650 7 |a BIBLIOTECA ESCOLAR  |2 CL-VaPUC  |9 395917 
650 7 |a CATALOGO DE MATERIA  |2 CL-VaPUC  |9 395918 
650 7 |a OBRAS GENERALES  |2 CL-VaPUC  |9 395919 
650 0 |a Ciencias sociales   |9 256351 
650 0 |a Humanidades  |9 395920 
650 0 |a Ciencia y tecnología  |9 260585 
650 0 |a Lenguaje y comunicación  |9 395921 
650 0 |a Arte  |9 265238 
650 7 |a DEPORTES Y RECREACION  |2 CL-VaPUC  |9 395922 
583 |a last modification  |c 19971205 00:00:00  |k Rodrigo Vera 
490 0 |a Programa MECE Media. Bibliotecas 
999 |c 263892  |d 263890 
952 |0 0  |1 0  |4 0  |6 370_016000000000000_MIN_1997  |7 0  |8 P  |9 293397  |a BIBEDU  |b BIBEDU  |c BIBEDU_PB  |d 2019-11-19  |i 3378276  |o 370.016 MIN 1997  |p 3378276  |r 2024-01-25  |w 2019-11-19  |y BK  |k EDU